000 00335nam a22001457a 4500
003 OSt
008 220521b ||||| |||| 00| 0 eng d
020 _a978-1-4736-6894-2
082 _a158.1 ELM
100 _aELROD,Hal
245 _aMiracle Morning
260 _aU.K.
_bJohn Murray Learning
_c2017
300 _a189
942 _2ddc
_cBK
999 _c11238
_d11238